Прозвища героев сериала "Бумажный дом" - Statistics

General Stats
  • This quiz has been taken 11 times
  • The average score is 6 of 13
Answer Stats
Hint Answer % Correct
Агата Хименес Найроби
67%
Ракель Мурильо Лиссабон
67%
Даниэль Рамос Денвер
56%
Анибаль Кортес Рио
56%
Моника Гастамбиде Стокгольм
56%
Мирко Драгич Хельсинки
56%
Серхио Маркина Профессор
56%
Андрес де Фонойоса Берлин
44%
Хулия Мартинес Манила
33%
Августин Рамос Москва
33%
Силена Оливейра Токио
33%
Сантьяго Лопес Богота
33%
Мартин Берроте Палермо
11%
No matching quizzes found
Score Distribution
Percent of People with Each Score
Percentile by Number Answered
Your Score History
You have not taken this quiz